TOP 300 imion męskich w Polsce według PESEL - Statystyki

Ogólne statystyki
  • Ten quiz został rozwiązany 2 035 razy
  • Średni wynik to 146 z 300
Statystyki odpowiedzi
% Poprawnych
1 P Piotr
95%
10 A Adam
93%
7 J Jan
93%
2 K Krzysztof
93%
257 L Luka
93%
11 Ł Łukasz
93%
5 P Paweł
93%
4 A Andrzej
92%
3 T Tomasz
92%
14 G Grzegorz
91%
6 M Michał
91%
9 J Jakub
90%
13 M Mateusz
90%
8 M Marcin
89%
12 M Marek
89%
137 A Aleks
88%
30 B Bartosz
88%
18 D Dariusz
88%
48 A Aleksander
87%
44 A Antoni
86%
57 B Bartłomiej
86%
23 K Kamil
86%
17 M Mariusz
86%
22 R Robert
86%
15 S Stanisław
86%
37 D Damian
84%
287 H Henry
84%
24 S Szymon
84%
16 W Wojciech
84%
25 D Dawid
83%
52 F Franciszek
83%
45 K Karol
83%
39 P Patryk
83%
32 T Tadeusz
83%
34 J Jarosław
82%
19 M Maciej
82%
33 A Artur
81%
43 D Daniel
81%
47 H Henryk
81%
26 J Jerzy
81%
28 K Kacper
81%
74 C Czesław
80%
54 D Dominik
80%
38 J Janusz
80%
161 L Leo
80%
21 Z Zbigniew
80%
55 A Arkadiusz
79%
42 F Filip
79%
78 L Leon
79%
40 M Mirosław
79%
234 P Philip
79%
20 R Rafał
79%
58 W Wiktor
79%
49 A Adrian
78%
64 I Igor
78%
29 J Józef
78%
75 N Nikodem
78%
99 E Eryk
77%
67 H Hubert
77%
62 R Radosław
77%
35 S Sebastian
77%
36 S Sławomir
77%
72 W Władysław
77%
92 Z Zenon
77%
88 C Cezary
76%
60 K Krystian
76%
46 P Przemysław
76%
31 R Ryszard
76%
27 J Jacek
75%
53 M Mikołaj
75%
41 R Roman
75%
100 E Emil
74%
76 M Miłosz
74%
63 B Bogdan
73%
80 I Ireneusz
73%
66 K Konrad
73%
68 E Edward
72%
93 J Julian
72%
69 M Marcel
72%
56 M Marian
72%
65 Z Zdzisław
72%
50 K Kazimierz
71%
59 L Leszek
71%
70 O Oskar
71%
51 W Wiesław
71%
101 N Natan
70%
90 I Ignacy
69%
102 L Lech
69%
71 M Mieczysław
69%
94 N Norbert
69%
96 T Tymoteusz
69%
89 W Włodzimierz
69%
79 B Bogusław
68%
81 O Oliwier
68%
82 S Stefan
68%
112 K Kuba
67%
84 S Sylwester
67%
85 A Alan
66%
109 B Bolesław
66%
105 B Bronisław
66%
91 G Gabriel
66%
239 M Maks
66%
87 M Maksym
66%
95 T Tymon
66%
61 W Waldemar
66%
86 Z Zygmunt
66%
98 B Błażej
65%
97 F Fabian
64%
135 J Juliusz
64%
73 M Maksymilian
64%
283 W Wit
64%
77 E Eugeniusz
63%
122 K Kornel
63%
107 O Olaf
62%
104 W Wacław
62%
83 W Witold
62%
117 L Lucjan
60%
280 Ł Łucjan
60%
131 B Bogumił
59%
108 R Remigiusz
58%
133 F Feliks
57%
230 J John
56%
139 T Teodor
56%
146 A Alojzy
55%
182 A Amadeusz
55%
167 J Jeremi
55%
103 K Ksawery
55%
128 L Ludwik
55%
116 A Albert
54%
151 C Cyprian
54%
181 O Olgierd
54%
201 A Adolf
53%
149 M Mieszko
53%
127 A Alex
52%
158 I Iwo
52%
144 N Nataniel
52%
111 B Bernard
51%
114 E Edmund
51%
119 S Seweryn
51%
106 B Borys
50%
110 K Kajetan
50%
130 J Jędrzej
49%
142 K Klaudiusz
49%
148 K Konstanty
49%
134 L Leonard
49%
113 B Bruno
48%
118 G Gracjan
48%
120 R Romuald
48%
125 A Alfred
47%
156 F Florian
47%
115 T Tobiasz
47%
299 A August
46%
153 B Brajan
46%
147 G Gustaw
46%
196 J Jeremiasz
46%
152 B Benedykt
45%
140 D Dorian
45%
124 E Ernest
45%
121 S Szczepan
45%
169 F Fryderyk
44%
160 M Marceli
44%
166 H Hieronim
43%
209 J Jonasz
43%
208 K Korneliusz
43%
300 C Cyryl
42%
204 M Max
42%
193 A Arnold
41%
129 L Lesław
41%
188 M Maurycy
40%
189 O Oliwer
40%
185 W Walenty
40%
184 E Emilian
39%
126 J Joachim
39%
164 K Kordian
39%
145 M Michael
38%
123 O Olivier
38%
150 S Samuel
38%
179 S Sergiusz
38%
226 K Kryspin
37%
136 D Denis
36%
269 D Dennis
36%
248 K Klemens
36%
217 A Alfons
35%
192 L Leopold
35%
141 M Milan
35%
138 O Oliver
35%
132 G Gerard
34%
214 P Paul
34%
237 T Teofil
34%
170 A Aleksy
33%
202 A Anatol
33%
190 A Augustyn
32%
274 D Dionizy
32%
218 E Edwin
32%
207 E Emanuel
32%
171 W Wincenty
32%
203 A Albin
31%
143 M Martin
31%
211 M Miron
31%
231 T Tytus
31%
165 A Ariel
30%
250 B Brian
30%
186 K Kewin
30%
172 E Erwin
29%
295 F Felix
29%
281 I Izydor
29%
198 O Oktawian
29%
168 V Victor
29%
245 W Walerian
29%
268 A Aaron
28%
163 B Beniamin
28%
157 K Kevin
28%
254 L Leonardo
28%
215 X Xavier
28%
206 H Hugo
27%
178 Z Zygfryd
27%
225 A Aron
26%
288 G George
25%
197 C Christian
24%
296 C Cristian
24%
200 J Jacob
24%
219 N Nikolas
24%
187 P Peter
24%
154 R Rajmund
24%
227 Z Ziemowit
24%
233 C Christopher
23%
220 K Kasper
23%
244 L Lechosław
23%
282 L Luca
23%
241 S Simon
23%
228 A Ali
22%
229 A Anthony
22%
247 E Eliasz
22%
267 J Jaromir
22%
194 N Nathan
22%
221 O Orest
22%
180 O Oscar
22%
159 R Rudolf
22%
298 B Bazyli
21%
262 K Kosma
21%
162 L Leonid
21%
177 T Thomas
21%
265 A Andrew
20%
195 B Benjamin
20%
293 I Ivo
20%
255 L Liam
20%
259 L Longin
20%
173 M Maximilian
20%
183 N Nicolas
20%
238 R Rafael
20%
294 Z Zbysław
20%
266 E Eric
19%
199 H Herbert
19%
216 J Jonatan
19%
224 M Matthew
19%
289 N Nathaniel
19%
240 P Patrycjusz
19%
275 R Radomir
19%
277 D Dominic
18%
297 E Edgar
18%
264 J Jacenty
18%
276 J Joseph
18%
258 L Lucas
18%
175 P Patrick
18%
176 R Roland
18%
205 W Wilhelm
18%
246 R Richard
17%
263 R Roch
17%
273 A Arthur
16%
279 E Eligiusz
16%
256 K Kasjan
16%
286 M Manuel
16%
292 A Alessandro
15%
252 E Erik
15%
260 W Wawrzyniec
15%
236 A Andreas
14%
272 F Frank
14%
223 H Helmut
14%
210 M Marko
14%
251 W William
13%
155 E Eduard
12%
222 M Manfred
12%
249 N Nicholas
12%
243 J Jonathan
11%
285 N Noah
11%
291 R Ryan
11%
212 T Timur
11%
174 T Tymur
11%
271 D Diego
10%
284 J Jordan
10%
290 J Joshua
10%
213 W Walter
10%
232 G Ginter
8%
261 K Kyryl
8%
270 M Markus
8%
278 P Platon
8%
242 D Damir
7%
191 R Raman
7%
235 W Werner
7%
253 M Myron
6%
Nie znaleziono quizów pasujących do podanych kryteriów
Rozkład punktacji
Procent ludzi z każdym wynikiem
Percentyl według liczby udzielonych odpowiedzi
Twoja historia wyników
Nie rozwiązałeś tego quizu